| 000 | 00888nam a22002897a 4500 | ||
|---|---|---|---|
| 003 | CHAP | ||
| 005 | 20220329143620.0 | ||
| 008 | 101005s1945 pe a r 00010 spa d | ||
| 010 | _a99358 | ||
| 011 | _a100330 | ||
| 035 | _a111016 | ||
| 040 | _cCHAP | ||
| 090 | _aFolleto 17781 | ||
| 100 | 1 |
_aTalledo V., Pedro _9111419 |
|
| 245 | 1 | 3 |
_aEl cultivo del ají _c/por Pedro talledo V. |
| 260 |
_aLima : _bPerú, Ministerio de agricultura, _c1945 |
||
| 300 |
_a17 p. : _bills. |
||
| 590 |
_aBATCH-UPD _b10 _c20130110 _lUCH01 _h1604 |
||
| 590 |
_aBATCH-UPD _b10 _c20130410 _lUCH01 _h1000 |
||
| 590 |
_aBATCH-UPD _b10 _c20130914 _lUCH01 _h0923 |
||
| 590 |
_aCONVERSION _b10 _c20130109 _lUCH01 _h1355 |
||
| 650 | 0 | 4 |
_aChile (Botánica) _922341 |
| 650 | 0 | 4 |
_aChile (Botánica) _xHistoria. _922368 |
| 901 | _aBK | ||
| 942 | _cFOLL | ||
| 949 |
_aFolleto 17781 _bBC _cLIBRO _d33724002120280 _eTS1 _i111016 _sb |
||
| 999 |
_c99358 _d99358 |
||